000 00794nam a2200229 i 4500
001 184136
003 ES-MaACL
005 20250813063737.0
008 150324s2003 sp |||| | spa d
020 _a84-8164-557-5
080 _a2(081) Weil, Simone
100 1 _aWeil, Simone,
_d1909-1943
_9116335
245 1 3 _aEl conocimiento sobrenatural /
_cSimone Weil ; traducción de María Tabuyo y Agustín López.
260 _aMadrid :
_bTrotta,
_c[2003]
300 _a297 p. ;
_c23 cm.
490 1 _aColección Estructuras y procesos. Serie Religión
700 1 _aTabuyo, María
_9109044
700 1 _aLópez, Agustín
_973297
830 0 0 _aEstructuras y procesos.
_pReligión
_9179878
852 _aES-MaACL
_jL-30107
_z.- Donat. Miguel A. Velasco
999 _c184136
_d184136